000
00298nam a22001337a 4500
082
_a
823
_b
PRAN/B
100
_a
PRAN
245
_a
BILLO SHORT BREAK
246
_a
BILLO SHORT BREAK
_b
BILLO SHORT BREAK
260
_a
NEWDELHI
_b
DIAMOND TOONS
300
_a
45
650
_a
ENGLISH COMICS
942
_c
BK
999
_c
8644
_d
8644